000 01613nam a2200421 i 4500
001 ELB42273
003 FlNmELB
006 m o d |
007 cr cnu||||||||
008 140724s2009 sp ob 001 0 spa d
020 _z9788492774609
020 _a9788415031659 (e-book)
035 _a(MiAaPQ)EBC3219845
035 _a(Au-PeEL)EBL3219845
035 _a(CaPaEBR)ebr10862254
035 _a(OCoLC)992006430
040 _aFINmELB
_bspa
_erda
_cFINmELB
050 4 _aDP272
_bL935 2009
082 0 _a946.083
_223
100 1 _aLucea Ayala, Víctor.
245 1 3 _aEl pueblo en movimiento :
_bla protesta social en Aragón (1885-1917) /
_cVíctor Lucea Ayala.
264 1 _aZaragoza :
_bPrensas Universitarias de Zaragoza,
_c2009.
300 _a1 recurso en línea (599 páginas)
336 _atexto
_btxt
_2rdacontent/spa
337 _acomputadora
_bc
_2rdamedia/spa
338 _arecurso en línea
_bcr
_2rdacarrier/spa
490 1 _aCiencias sociales ;
_v75
500 _aContiene índice.
504 _aContiene bibliografía.
588 _aDescripción basada en recurso en línea; Título de la página del título en PDF (e-libro, visto july 24, 2014).
590 _aRecurso electrónico. Santa Fe, Arg.: e-libro, 2015. Disponible vía World Wide Web. El acceso puede estar limitado para las bibliotecas afiliadas a e-libro.
650 0 _aProtest movements
_zSpain.
650 4 _aMovimientos sociales
_zEspaña.
655 4 _aLibros electrónicos.
797 2 _ae-libro, Corp.
830 0 _aCiencias sociales. ;
_v75.
856 4 0 _uhttps://elibro.net/ereader/usam/42273
999 _c148789
_d148789